[Event "SVK-chT1E 2122"]
[Site "Slovakia"]
[Date "2022.02.27"]
[Round "5.6"]
[White "Janik, Miroslav"]
[Black "Garancovsky, Pavol"]
[Result "1/2-1/2"]
[WhiteElo "1878"]
[BlackElo "2027"]
[PlyCount "54"]
[EventDate "2022.01.29"]
[EventType "team-tourn"]
[EventRounds "11"]
[EventCountry "SVK"]
[SourceTitle "EXT 2023"]
[Source "ChessBase"]
[SourceDate "2022.10.05"]
[SourceVersion "1"]
[SourceVersionDate "2022.10.05"]
[SourceQuality "1"]
[WhiteTeam "Dunajov Inbest II"]
[BlackTeam "Presov Tatran Dason"]
[WhiteTeamCountry "SVK"]
[BlackTeamCountry "SVK"]

1. d4 c5 2. d5 e6 3. c4 Nf6 4. Nc3 exd5 5. cxd5 d6 6. e4 g6 7. Bd3 Bg7 8. Nge2 0-0 9. 0-0 Na6 10. a3 Nc7 11. Bg5 Rb8 12. a4 Na6 13. Qd2 Nb4 14. Bb1 b6 15. f4 Qd7 16. h3 Re8 17. Rd1 Bb7 18. Ra3 a6 19. Ng3 b5 20. axb5 axb5 21. Na2 Nxa2 22. Rxa2 Ra8 23. Rxa8 Rxa8 24. Kh1 Qc7 25. f5 Ra4 26. fxg6 hxg6 27. Qf2 Ne8 1/2-1/2

[Event "Drienica Saris op"]
[Site "Drienica"]
[Date "2020.08.12"]
[Round "6"]
[White "Ihnat, Marek"]
[Black "Garancovsky, Pavol"]
[Result "1/2-1/2"]
[WhiteElo "2046"]
[BlackElo "2027"]
[PlyCount "259"]
[EventDate "2020.08.07"]
[EventType "swiss"]
[EventRounds "9"]
[EventCountry "SVK"]
[SourceTitle "CBM 197 Extra"]
[Source "ChessBase"]
[SourceDate "2020.09.30"]
[SourceVersion "1"]
[SourceVersionDate "2020.09.30"]
[SourceQuality "1"]

1. e4 e6 2. d4 c5 3. d5 d6 4. Nc3 Nf6 5. Nf3 exd5 6. exd5 a6 7. a4 Be7 8. h3 Nbd7 9. Bf4 b6 10. Bc4 Nf8 11. 0-0 Ng6 12. Bh2 0-0 13. Re1 Re8 14. Qd3 h6 15. Re2 Nh5 16. Qd2 Bd7 17. Rae1 Bf8 18. Rxe8 Bxe8 19. Bd3 Nh4 20. Qe2 Nxf3+ 21. Qxf3 Nf6 22. Bf4 Bd7 23. Kh1 Nh7 24. Qg3 Qf6 25. Ne4 Qxb2 26. Bxh6 c4 27. Bxc4 Re8 28. Bd3 f5 29. f3 fxe4 30. fxe4 Nf6 31. Rf1 Qe5 32. Qg6 b5 33. axb5 axb5 34. Bg5 Be7 35. Bh6 Bf8 36. Bg5 Nh7 37. Qf7+ Kh8 38. Qxd7 Nxg5 39. Rf5 Qe7 40. Qxb5 Nf7 41. Qb1 g6 42. Rf4 Bh6 43. Rf2 Ne5 44. g3 Rf8 45. Qf1 Rxf2 46. Qxf2 Qf8 47. Qxf8+ Bxf8 48. Kg2 Kg7 49. Kf2 Kf6 50. Be2 Bh6 51. Bf1 Nf7 52. h4 Ke5 53. Bd3 Kd4 54. g4 Bc1 55. h5 Ne5 56. hxg6 Nxg6 57. Kg3 Bf4+ 58. Kf3 Bg5 59. Kg3 Ne5 60. Ba6 Kxe4 61. Bb7 Kd4 62. Ba8 Kc3 63. Bb7 Kxc2 64. Bc8 Kd3 65. Be6 Kd4 66. Bg8 Ng6 67. Bf7 Nf4 68. Bg8 Nxd5 69. Be6 Nf4 70. Bg8 Ke3 71. Ba2 Ng6 72. Bb3 Bh4+ 73. Kh3 Be1 74. Kg2 Kf4 75. Ba2 Kxg4 76. Be6+ Kf4 77. Ba2 Ke3 78. Bb3 Nh4+ 79. Kh3 Kf4 80. Bd5 Bg3 81. Ba8 Ng6 82. Bb7 Be1 83. Ba8 Kg5 84. Bb7 Nf4+ 85. Kh2 Kh4 86. Ba8 Bg3+ 87. Kh1 Kh3 88. Kg1 Ng6 89. Bb7 Nh4 90. Bc6 Kg4 91. Bb7 Ng6 92. Bc8+ Kf4 93. Bb7 Ne7 94. Kg2 d5 95. Bxd5 Nxd5 96. Kh1 Kg4 97. Kg2 Nf4+ 98. Kg1 Kh3 99. Kh1 Nd3 100. Kg1 Bh2+ 101. Kf1 Kg3 102. Ke2 Ne5 103. Ke3 Kg4 104. Ke4 Bf4 105. Kd5 Kf5 106. Kd4 Nf7 107. Kd5 Be5 108. Kc5 Ke6 109. Kc6 Bd6 110. Kb5 Kd5 111. Kb6 Ne5 112. Kb7 Nd7 113. Ka8 Kc6 114. Ka7 Nb6 115. Ka6 Nd7 116. Ka7 Bc5+ 117. Ka8 Nb6+ 118. Kb8 Bd6+ 119. Ka7 Bc7 120. Ka6 Bd6 121. Ka7 Nd5 122. Ka8 Bc5 123. Kb8 Nc7 124. Kc8 Na6 125. Kd8 Nc7 126. Kc8 Ba7 127. Kd8 Nb5 128. Kc8 Nd6+ 129. Kd8 Nf5 130. Ke8 1/2-1/2

[Event "Drienica Saris op"]
[Site "Drienica"]
[Date "2020.08.09"]
[Round "3"]
[White "Garancovsky, Pavol"]
[Black "Kolesar, Milan"]
[Result "1/2-1/2"]
[WhiteElo "2027"]
[BlackElo "2186"]
[PlyCount "33"]
[EventDate "2020.08.07"]
[EventType "swiss"]
[EventRounds "9"]
[EventCountry "SVK"]
[SourceTitle "CBM 197 Extra"]
[Source "ChessBase"]
[SourceDate "2020.09.30"]
[SourceVersion "1"]
[SourceVersionDate "2020.09.30"]
[SourceQuality "1"]

1. e4 c5 2. Nf3 d6 3. d4 cxd4 4. Nxd4 Nf6 5. Nc3 Nc6 6. Bc4 Qb6 7. Nb3 e6 8. f4 a6 9. Qe2 Qc7 10. a4 Be7 11. Be3 Nb4 12. 0-0-0 d5 13. exd5 exd5 14. Bxd5 Nbxd5 15. Rxd5 Be6 16. Rd4 0-0 17. f5 1/2-1/2

[Event "Drienica Saris op"]
[Site "Drienica"]
[Date "2020.08.08"]
[Round "2"]
[White "Geffert, Anton"]
[Black "Garancovsky, Pavol"]
[Result "0-1"]
[WhiteElo "1909"]
[BlackElo "2027"]
[PlyCount "116"]
[EventDate "2020.08.07"]
[EventType "swiss"]
[EventRounds "9"]
[EventCountry "SVK"]
[SourceTitle "CBM 197 Extra"]
[Source "ChessBase"]
[SourceDate "2020.09.30"]
[SourceVersion "1"]
[SourceVersionDate "2020.09.30"]
[SourceQuality "1"]

1. d4 Nf6 2. c4 c5 3. d5 b5 4. cxb5 a6 5. b6 Qxb6 6. Nc3 g6 7. e4 d6 8. Nf3 Bg4 9. Be2 Bg7 10. h3 Bxf3 11. Bxf3 0-0 12. Rb1 Nbd7 13. Be3 Rfb8 14. 0-0 Qb4 15. a3 Qa5 16. Qc2 Rb7 17. Bd2 Rc8 18. Be2 c4 19. Na2 Qb6 20. Be3 Qa5 21. Nb4 Nb8 22. Bxc4 Rbc7 23. b3 Qxa3 24. Nd3 Nxe4 25. Ne5 Nc5 26. Bxc5 Qxc5 27. Nd3 Qxd5 28. Qa2 Qb7 29. Nf4 e6 30. Rfd1 d5 31. Bf1 Rc2 32. Qa3 Qb6 33. Ne2 h5 34. Rbc1 Bf8 35. Qa4 Qc6 36. Qxc6 R8xc6 37. Ra1 Bg7 38. Ra4 Rb2 39. b4 Rc4 40. Nc1 Rcxb4 41. Ra3 Rb1 42. Bd3 R1b2 43. Kf1 Rb6 44. Be2 Bf8 45. Ra1 Rb1 46. Rxb1 Rxb1 47. Bd3 Ra1 48. Ke2 Nc6 49. Nb3 Ra3 50. Nc1 Nd4+ 51. Kf1 Bc5 52. Ne2 Nc6 53. f3 Nb4 54. Bb1 Ra1 55. Nc3 a5 56. Ke2 a4 57. Ba2 Nxa2 58. Rxa1 Nxc3+ 0-1

[Event "SVK-chT1E 1718"]
[Site "Slovakia"]
[Date "2017.11.04"]
[Round "3.4"]
[White "Garancovsky, Pavol"]
[Black "Palecek, Peter"]
[Result "0-1"]
[WhiteElo "2063"]
[BlackElo "2246"]
[PlyCount "64"]
[EventDate "2017.10.21"]
[EventType "team-tourn"]
[EventRounds "11"]
[EventCountry "SVK"]
[SourceTitle "CBM 181 Extra"]
[Source "ChessBase"]
[SourceDate "2017.12.12"]
[SourceVersion "1"]
[SourceVersionDate "2017.12.12"]
[SourceQuality "1"]
[WhiteTeam "Presov Tatran"]
[BlackTeam "Liptov Chess School II"]
[WhiteTeamCountry "SVK"]
[BlackTeamCountry "SVK"]

1. d4 d5 2. c4 c6 3. Nc3 Nf6 4. Nf3 e6 5. g3 dxc4 6. Bg2 Nbd7 7. a4 Bb4 8. 0-0 0-0 9. Qc2 Qe7 10. Bg5 h6 11. Bxf6 Nxf6 12. Na2 Bd6 13. Qxc4 e5 14. dxe5 Bxe5 15. Nxe5 Qxe5 16. Nc3 Be6 17. Qb4 a5 18. Qb6 Qb8 19. Rfd1 Ra6 20. Qd4 Qa7 21. Qd6 Rb6 22. Rd2 Rb4 23. e4 Qb6 24. e5 Nd7 25. Ne4 Rxb2 26. Rad1 Rxd2 27. Rxd2 Nxe5 28. h3 Nc4 29. Qd4 c5 30. Nxc5 Nxd2 31. Nxe6 Qxd4 32. Nxd4 Rd8 0-1

[Event "Stara Lubovna op"]
[Site "Stara Lubovna"]
[Date "2017.05.07"]
[Round "6"]
[White "Jakubek, Peter"]
[Black "Garancovsky, Pavol"]
[Result "1-0"]
[WhiteElo "2150"]
[BlackElo "2054"]
[PlyCount "57"]
[EventDate "2017.05.05"]
[EventType "swiss"]
[EventRounds "7"]
[EventCountry "SVK"]
[SourceTitle "CBM 178 Extra"]
[Source "ChessBase"]
[SourceDate "2017.06.22"]
[SourceVersion "1"]
[SourceVersionDate "2017.06.22"]
[SourceQuality "1"]

1. d4 Nf6 2. Bg5 Ne4 3. Bf4 g5 4. Be5 Rg8 5. Qd3 d5 6. f3 Nd6 7. Nd2 Nc6 8. e4 dxe4 9. fxe4 Bg4 10. Be2 Qd7 11. Ngf3 0-0-0 12. 0-0 f6 13. Bg3 e6 14. c4 Nf7 15. d5 h5 16. Qe3 Nb8 17. Qxa7 h4 18. Bf2 f5 19. exf5 exd5 20. cxd5 Qxd5 21. Bc4 Qxf5 22. Nd4 Qg6 23. Rac1 Bd6 24. N2b3 Bf4 25. Na5 Nd6 26. Bxg8 Rxg8 27. Rc3 Bf5 28. Nb5 Be4 29. Rxc7+ 1-0

[Event "Stara Lubovna op"]
[Site "Stara Lubovna"]
[Date "2017.05.06"]
[Round "4"]
[White "Cech, Dominik"]
[Black "Garancovsky, Pavol"]
[Result "0-1"]
[WhiteElo "2133"]
[BlackElo "2054"]
[PlyCount "106"]
[EventDate "2017.05.05"]
[EventType "swiss"]
[EventRounds "7"]
[EventCountry "SVK"]
[SourceTitle "CBM 178 Extra"]
[Source "ChessBase"]
[SourceDate "2017.06.22"]
[SourceVersion "1"]
[SourceVersionDate "2017.06.22"]
[SourceQuality "1"]

1. e4 e5 2. Nf3 Nc6 3. Bb5 Bc5 4. 0-0 Nge7 5. c3 a6 6. Ba4 0-0 7. d4 exd4 8. cxd4 Ba7 9. d5 Nb8 10. Nc3 d6 11. h3 Nd7 12. Bc2 h6 13. Nd4 Ng6 14. Be3 Nde5 15. b3 c5 16. Nf5 Nh4 17. Qh5 Nxf5 18. exf5 c4 19. Bxa7 Rxa7 20. f4 Nd7 21. Ne4 b5 22. Rad1 Nf6 23. Nxf6+ Qxf6 24. Rf3 Re7 25. Rg3 Rfe8 26. Qf3 Bxf5 27. Bxf5 Qxf5 28. bxc4 Re3 29. Qxe3 Rxe3 30. Rxe3 bxc4 31. Rc3 Qxf4 32. Rdc1 Qd4+ 33. Kh2 Qxd5 34. Rxc4 g5 35. a4 Kg7 36. Rc6 a5 37. Kh1 h5 38. Rb6 Qd4 39. Rb5 Kg6 40. Rf1 Qd3 41. Rf3 Qe4 42. Kh2 g4 43. hxg4 hxg4 44. Rf1 f5 45. Rxa5 d5 46. Rd1 g3+ 47. Kg1 Qe3+ 48. Kh1 Qh6+ 49. Kg1 Qh2+ 50. Kf1 Qh1+ 51. Ke2 Qxg2+ 52. Kd3 Qe4+ 53. Kc3 Qc4+ 0-1

[Event "SVK-ch Amateurs"]
[Site "Stara Lubovna"]
[Date "2015.05.10"]
[Round "7"]
[White "Hagara, Martin"]
[Black "Garancovsky, Pavol"]
[Result "1/2-1/2"]
[WhiteElo "2155"]
[BlackElo "2064"]
[PlyCount "109"]
[EventDate "2015.05.07"]
[EventType "swiss"]
[EventRounds "7"]
[EventCountry "SVK"]
[SourceTitle "EXT 2017"]
[Source "ChessBase"]
[SourceDate "2016.10.25"]
[SourceVersion "1"]
[SourceVersionDate "2016.10.25"]
[SourceQuality "1"]

1. e4 c5 2. c4 Nc6 3. Nc3 g6 4. Nge2 Bg7 5. d3 d6 6. h3 e6 7. g3 Nge7 8. Bg2 0-0 9. 0-0 Rb8 10. Be3 Nd4 11. Bg5 f6 12. Bd2 Nec6 13. a3 f5 14. f4 a6 15. Nxd4 cxd4 16. Ne2 fxe4 17. dxe4 e5 18. Kh2 Be6 19. Rc1 Qe7 20. b4 Qd7 21. Ng1 b5 22. c5 Bc4 23. cxd6 Bxf1 24. Qxf1 Qxd6 25. Qd3 Rbc8 26. Ne2 Rfd8 27. Rf1 Qe6 28. f5 Qc4 29. Qf3 Rf8 30. Bg5 d3 31. Nc1 h6 32. Bd2 Rcd8 33. Rf2 Nd4 34. Qg4 Rf6 35. Bf1 gxf5 36. exf5 Nb3 37. Nxb3 Qxb3 38. Qh4 Qc4 39. g4 Qd4 40. Qg3 Rc6 41. g5 hxg5 42. Bxg5 d2 43. Rxd2 Qxd2+ 44. Bxd2 Rxd2+ 45. Kg1 Kf7 46. Qe3 Rd4 47. Be2 Kf8 48. Kg2 e4 49. Qf4 Rcd6 50. Kf1 Bh6 51. Qe5 Bg7 52. Qf4 Bh6 53. Qe5 Bg7 54. Qf4 Bh6 55. Qe5 1/2-1/2

[Event "SVK-chT2D 14/15"]
[Site "Slovakia"]
[Date "2015.02.14"]
[Round "8.3"]
[White "Milder, Ladislav"]
[Black "Garancovsky, Pavol"]
[Result "1/2-1/2"]
[WhiteElo "2032"]
[BlackElo "2075"]
[PlyCount "23"]
[EventDate "2014.10.11"]
[EventType "team-tourn"]
[EventRounds "11"]
[EventCountry "SVK"]
[SourceTitle "EXT 2019"]
[Source "ChessBase"]
[SourceDate "2018.10.10"]
[SourceVersion "1"]
[SourceVersionDate "2018.10.10"]
[SourceQuality "1"]
[WhiteTeam "Kosice Slavia UPJS III"]
[BlackTeam "Presov Tatran Dason"]
[WhiteTeamCountry "SVK"]
[BlackTeamCountry "SVK"]

1. e4 c5 2. Nf3 Nc6 3. d4 cxd4 4. Nxd4 Nf6 5. Nc3 d6 6. Be2 g6 7. 0-0 Bg7 8. Be3 0-0 9. h3 Bd7 10. Qd2 Rc8 11. Rfd1 a6 12. Nf3 1/2-1/2

[Event "SVK-chT2D 14/15"]
[Site "Slovakia"]
[Date "2015.02.01"]
[Round "7.2"]
[White "Pavlik, Milan"]
[Black "Garancovsky, Pavol"]
[Result "1-0"]
[WhiteElo "2028"]
[BlackElo "2075"]
[PlyCount "41"]
[EventDate "2014.10.11"]
[EventType "team-tourn"]
[EventRounds "11"]
[EventCountry "SVK"]
[SourceTitle "EXT 2019"]
[Source "ChessBase"]
[SourceDate "2018.10.10"]
[SourceVersion "1"]
[SourceVersionDate "2018.10.10"]
[SourceQuality "1"]
[WhiteTeam "Sabinov II"]
[BlackTeam "Presov Tatran Dason"]
[WhiteTeamCountry "SVK"]
[BlackTeamCountry "SVK"]

1. e4 c5 2. Nf3 Nc6 3. Bb5 Qc7 4. 0-0 e6 5. Re1 Nge7 6. b3 Nd4 7. Nxd4 cxd4 8. Bb2 a6 9. Bf1 Nc6 10. Na3 Be7 11. c3 dxc3 12. dxc3 0-0 13. c4 Bd6 14. g3 f5 15. exf5 Rxf5 16. Bd3 Rg5 17. h4 Ra5 18. c5 Rxc5 19. Nc4 Rxc4 20. bxc4 Be5 21. Qh5 1-0

[Event "SVK-chT2D 14/15"]
[Site "Slovakia"]
[Date "2014.11.09"]
[Round "4.6"]
[White "Dudasko, Mario"]
[Black "Garancovsky, Pavol"]
[Result "0-1"]
[WhiteElo "1908"]
[BlackElo "2075"]
[PlyCount "47"]
[EventDate "2014.10.11"]
[EventType "team-tourn"]
[EventRounds "11"]
[EventCountry "SVK"]
[SourceTitle "EXT 2019"]
[Source "ChessBase"]
[SourceDate "2018.10.10"]
[SourceVersion "1"]
[SourceVersionDate "2018.10.10"]
[SourceQuality "1"]
[WhiteTeam "Spisska Stara Ves"]
[BlackTeam "Presov Tatran Dason"]
[WhiteTeamCountry "SVK"]
[BlackTeamCountry "SVK"]

1. e4 c5 2. Nf3 Nc6 3. d4 cxd4 4. Nxd4 Nf6 5. Nc3 d6 6. Be2 g6 7. Be3 Bg7 8. Qd2 Ng4 9. Bxg4 Bxg4 10. f3 Bd7 11. 0-0-0 Ne5 12. Bh6 Nc4 13. Qg5 Bf6 14. Qg3 Nxb2 15. Nd5 Nc4 16. Nxf6+ exf6 17. Nf5 Bxf5 18. exf5 Qb6 19. Rde1+ Kd7 20. Qh4 Qb2+ 21. Kd1 Rac8 22. Bc1 Ne3+ 23. Ke2 Rxc2+ 24. Kxe3 0-1

[Event "SVK-chT2D 1314"]
[Site "Slovakia"]
[Date "2013.11.24"]
[Round "4.4"]
[White "Regec, Viliam1111"]
[Black "Garancovsky, Pavol"]
[Result "0-1"]
[WhiteElo "2068"]
[BlackElo "2062"]
[PlyCount "76"]
[EventDate "2013.10.19"]
[EventType "team-tourn"]
[EventRounds "11"]
[EventCountry "SVK"]
[SourceTitle "EXT 2015"]
[Source "ChessBase"]
[SourceDate "2014.11.20"]
[SourceVersion "1"]
[SourceVersionDate "2014.11.20"]
[SourceQuality "1"]
[WhiteTeam "Gelnica Slovan"]
[BlackTeam "Presov Tatran Dason"]
[WhiteTeamCountry "SVK"]
[BlackTeamCountry "SVK"]

1. e4 c5 2. Nf3 Nc6 3. d3 d5 4. Be2 Nf6 5. Nbd2 e5 6. c3 Qc7 7. Qc2 Be7 8. Nf1 d4 9. Ng3 g6 10. h3 h6 11. Bd2 Be6 12. c4 a6 13. Qc1 Ng8 14. a3 0-0-0 15. Nh2 f5 16. Bf3 f4 17. Ne2 h5 18. Ng1 Nf6 19. Be2 g5 20. Rb1 a5 21. Bd1 g4 22. Ba4 b6 23. Nf1 Rdg8 24. Qd1 Rh7 25. f3 gxh3 26. gxh3 Rg2 27. h4 Rhg7 28. Ne2 Ng4 29. Qb3 Ne3 30. Qb5 Bd7 31. Qa6+ Qb7 32. Qb5 Kc7 33. Qb3 Qb8 34. Qa2 Qd8 35. Bxe3 dxe3 36. Bxc6 Bxc6 37. Qb3 Bxh4+ 38. Kd1 Ba4 0-1

[Event "SVK-chT2D 1314"]
[Site "Slovakia"]
[Date "2013.11.23"]
[Round "3.4"]
[White "Garancovsky, Pavol"]
[Black "Korytko, Peter"]
[Result "1/2-1/2"]
[WhiteElo "2062"]
[BlackElo "2051"]
[PlyCount "128"]
[EventDate "2013.10.19"]
[EventType "team-tourn"]
[EventRounds "11"]
[EventCountry "SVK"]
[SourceTitle "EXT 2015"]
[Source "ChessBase"]
[SourceDate "2014.11.20"]
[SourceVersion "1"]
[SourceVersionDate "2014.11.20"]
[SourceQuality "1"]
[WhiteTeam "Presov Tatran Dason"]
[BlackTeam "Margecany"]
[WhiteTeamCountry "SVK"]
[BlackTeamCountry "SVK"]

1. d4 Nf6 2. g3 d5 3. Bg2 Bf5 4. c4 c6 5. Nc3 e6 6. Nf3 Nbd7 7. 0-0 Ne4 8. cxd5 exd5 9. Nh4 Nxc3 10. bxc3 Bg4 11. h3 Bh5 12. Rb1 g5 13. Nf5 Qf6 14. g4 Bg6 15. e4 Bxf5 16. e5 Bxg4 17. Qxg4 Qe6 18. Rxb7 Be7 19. c4 h5 20. cxd5 cxd5 21. Qf3 Nb6 22. a4 Qc6 23. Rxe7+ Kxe7 24. Bxg5+ Ke8 25. a5 Nc4 26. Rc1 Rg8 27. h4 Rc8 28. Qxd5 Qxd5 29. Bxd5 Nd6 30. Bc6+ Kf8 31. Kf1 Nf5 32. d5 Rxg5 33. hxg5 Ne7 34. Rc4 h4 35. Kg2 Kg7 36. Kh3 Ng6 37. Re4 Rb8 38. d6 Rb3+ 39. Kh2 Rb2 40. Kg1 Rd2 41. f4 Rd1+ 42. Kf2 h3 43. f5 h2 44. Re3 Nh4 45. Rh3 Nxf5 46. Rxh2 Rd2+ 47. Kg1 Rd1+ 48. Kg2 Kg6 49. d7 Ng7 50. Rh8 Ne6 51. Ra8 Kxg5 52. Rxa7 Kf4 53. Rb7 Nd8 54. Rb4+ Kxe5 55. Ba4 Rd6 56. Rb8 Ne6 57. Bb5 Rd2+ 58. Kf1 Kf4 59. Ke1 Rb2 60. Re8 Rxb5 61. Rxe6 Rd5 62. Rf6+ Ke5 63. Rxf7 Ke6 64. Rh7 Rxd7 1/2-1/2

[Event "SVK-chT2D 1112"]
[Site "Slovakia"]
[Date "2012.02.25"]
[Round "10.4"]
[White "Garancovsky, Pavol"]
[Black "Vrbova, Niki"]
[Result "1/2-1/2"]
[WhiteElo "2151"]
[BlackElo "2173"]
[PlyCount "89"]
[EventDate "2011.10.08"]
[EventType "team-tourn"]
[EventRounds "11"]
[EventCountry "SVK"]
[SourceTitle "EXT 2013"]
[Source "ChessBase"]
[SourceDate "2012.11.22"]
[SourceVersion "1"]
[SourceVersionDate "2012.11.22"]
[SourceQuality "1"]
[WhiteTeam "Presov Tatran Dason"]
[BlackTeam "Kosice Slavia TU IV"]
[WhiteTeamCountry "SVK"]
[BlackTeamCountry "SVK"]

1. d4 d5 2. g3 Nf6 3. Bg2 c6 4. c4 Bf5 5. Nc3 e6 6. Qb3 Qb6 7. Nf3 Qxb3 8. axb3 Na6 9. 0-0 Bc2 10. Nd2 Bb4 11. Ra4 0-0 12. Ra1 Rfe8 13. Re1 Nc7 14. h3 a6 15. g4 h6 16. Kh2 Bd6+ 17. Kg1 e5 18. dxe5 Bxe5 19. Na4 Bf4 20. Nc5 b6 21. Nf3 Bd6 22. Nd4 bxc5 23. Nxc2 Reb8 24. Ra3 Rb6 25. Ne3 Bf4 26. Kf1 Bxe3 27. Bxe3 Ne6 28. Rd1 Rab8 29. Bc1 Nd4 30. Bf4 Re8 31. e3 Nxb3 32. cxd5 cxd5 33. Bxd5 Nxd5 34. Rxd5 Ree6 35. Be5 Nd2+ 36. Rxd2 Rxe5 37. Rd8+ Kh7 38. b3 Re4 39. Rd7 Kg6 40. Rd5 c4 41. bxc4 Rxc4 42. Kg2 Kf6 43. f4 Ke6 44. Raa5 Rcb4 45. Kf3 1/2-1/2

[Event "SVK-chT2D 1112"]
[Site "Slovakia"]
[Date "2012.01.29"]
[Round "9.1"]
[White "Garancovsky, Pavol"]
[Black "Krak, Tomas"]
[Result "0-1"]
[WhiteElo "2151"]
[BlackElo "2282"]
[PlyCount "92"]
[EventDate "2011.10.08"]
[EventType "team-tourn"]
[EventRounds "11"]
[EventCountry "SVK"]
[SourceTitle "EXT 2013"]
[Source "ChessBase"]
[SourceDate "2012.11.22"]
[SourceVersion "1"]
[SourceVersionDate "2012.11.22"]
[SourceQuality "1"]
[WhiteTeam "Presov Tatran Dason"]
[BlackTeam "Margecany OSK"]
[WhiteTeamCountry "SVK"]
[BlackTeamCountry "SVK"]

1. d4 Nf6 2. Nf3 c5 3. d5 d6 4. Nc3 g6 5. e4 Bg7 6. a4 Na6 7. Bb5+ Nd7 8. 0-0 Nc7 9. Bf4 Nxb5 10. axb5 f6 11. Qe2 0-0 12. Ra3 a5 13. bxa6 bxa6 14. Rfa1 Rb8 15. Nd1 Qc7 16. c3 f5 17. Ng5 Ne5 18. Ne6 Bxe6 19. dxe6 fxe4 20. Qxe4 Qc6 21. Qxc6 Nxc6 22. Bg5 a5 23. Bh4 h6 24. Ra4 Be5 25. Re4 Rb7 26. Re2 g5 27. Bg3 Rf6 28. Bxe5 Rxe6 29. Kf1 Rxe5 30. Rxe5 Nxe5 31. Rxa5 Nc4 32. Ra1 Kg7 33. Ke2 Kf6 34. Rb1 Rb3 35. Kd3 d5 36. Kc2 Rb6 37. Ra1 Re6 38. b3 Re2+ 39. Kc1 Ne5 40. Ne3 Nd3+ 41. Kd1 Re1+ 42. Kd2 Rxa1 43. Kxd3 e6 44. b4 cxb4 45. cxb4 Rb1 46. Kc3 h5 0-1

[Event "SVK-chT2D 1112"]
[Site "Slovakia"]
[Date "2012.01.07"]
[Round "7.2"]
[White "Garancovsky, Pavol"]
[Black "Sedlakova, Ivana"]
[Result "0-1"]
[WhiteElo "2151"]
[BlackElo "2081"]
[PlyCount "72"]
[EventDate "2011.10.08"]
[EventType "team-tourn"]
[EventRounds "11"]
[EventCountry "SVK"]
[SourceTitle "EXT 2013"]
[Source "ChessBase"]
[SourceDate "2012.11.22"]
[SourceVersion "1"]
[SourceVersionDate "2012.11.22"]
[SourceQuality "1"]
[WhiteTeam "Presov Tatran Dason"]
[BlackTeam "Presov Slavia PU"]
[WhiteTeamCountry "SVK"]
[BlackTeamCountry "SVK"]

1. e4 c6 2. d4 d5 3. Nc3 dxe4 4. Nxe4 Bf5 5. Ng3 Bg6 6. h4 h6 7. Nf3 Nd7 8. h5 Bh7 9. Bd3 Bxd3 10. Qxd3 Ngf6 11. c4 Qc7 12. 0-0 e6 13. Re1 0-0-0 14. Qc3 Rg8 15. b4 g6 16. hxg6 Rxg6 17. Ne5 Nxe5 18. dxe5 Nd7 19. c5 Be7 20. Bf4 Rdg8 21. Qf3 Rg4 22. Kf1 f6 23. Ne4 fxe5 24. Bg3 h5 25. Qf7 h4 26. Qxe7 hxg3 27. f3 R4g6 28. Rad1 Qd8 29. Qd6 R8g7 30. b5 Qa5 31. bxc6 Qa6+ 32. Qd3 Qxc6 33. Rb1 Kb8 34. Red1 Rh6 35. Qd6+ Qxd6 36. Rxd6 Rh1+ 0-1

[Event "SVK-chT2D 1112"]
[Site "Slovakia"]
[Date "2011.12.04"]
[Round "6.2"]
[White "Goban, Marek"]
[Black "Garancovsky, Pavol"]
[Result "1/2-1/2"]
[WhiteElo "2125"]
[BlackElo "2151"]
[PlyCount "22"]
[EventDate "2011.10.08"]
[EventType "team-tourn"]
[EventRounds "11"]
[EventCountry "SVK"]
[SourceTitle "EXT 2013"]
[Source "ChessBase"]
[SourceDate "2012.11.22"]
[SourceVersion "1"]
[SourceVersionDate "2012.11.22"]
[SourceQuality "1"]
[WhiteTeam "Presov Tatran"]
[BlackTeam "Presov Tatran Dason"]
[WhiteTeamCountry "SVK"]
[BlackTeamCountry "SVK"]

1. Nf3 d5 2. b3 c5 3. e3 Nc6 4. Bb2 Bg4 5. Be2 Nf6 6. 0-0 e6 7. d4 cxd4 8. Nxd4 Bxe2 9. Qxe2 Be7 10. Nd2 0-0 11. c4 Rc8 1/2-1/2

[Event "SVK-chT2D 1112"]
[Site "Slovakia"]
[Date "2011.11.06"]
[Round "4.1"]
[White "Druska, Juraj"]
[Black "Garancovsky, Pavol"]
[Result "1-0"]
[WhiteElo "2338"]
[BlackElo "2151"]
[PlyCount "85"]
[EventDate "2011.10.08"]
[EventType "team-tourn"]
[EventRounds "11"]
[EventCountry "SVK"]
[SourceTitle "EXT 2013"]
[Source "ChessBase"]
[SourceDate "2012.11.22"]
[SourceVersion "1"]
[SourceVersionDate "2012.11.22"]
[SourceQuality "1"]
[WhiteTeam "Stara Lubovna"]
[BlackTeam "Presov Tatran Dason"]
[WhiteTeamCountry "SVK"]
[BlackTeamCountry "SVK"]

1. d4 Nf6 2. c4 c5 3. Nf3 cxd4 4. Nxd4 Nc6 5. Nc3 g6 6. e4 d6 7. Be2 Bg7 8. Be3 0-0 9. 0-0 Bd7 10. Nc2 Qc8 11. f3 Rd8 12. Rc1 Be8 13. Nd5 b6 14. Bg5 Qe6 15. Nc7 Qe5 16. Bxf6 Bxf6 17. Nxa8 Rxa8 18. Rb1 Qf4 19. b4 Rd8 20. g3 Qh6 21. b5 Nd4 22. Nxd4 Qe3+ 23. Kg2 Qxd4 24. Qxd4 Bxd4 25. f4 e5 26. Rb3 Bc5 27. Rd1 Ra8 28. fxe5 dxe5 29. Rbd3 a5 30. Rd5 Bd4 31. R1xd4 exd4 32. Rd6 Rb8 33. e5 Kf8 34. Kf3 Ke7 35. Ke4 f5+ 36. Kxd4 Bf7 37. Bf3 g5 38. Bd5 Be8 39. h4 gxh4 40. gxh4 Bg6 41. Rf6 a4 42. a3 Ke8 43. Ke3 1-0

[Event "SVK-chT1E 1112"]
[Site "Slovakia"]
[Date "2011.10.15"]
[Round "1.6"]
[White "Jakubec, Milan"]
[Black "Garancovsky, Pavol"]
[Result "1-0"]
[WhiteElo "2059"]
[BlackElo "2151"]
[PlyCount "77"]
[EventDate "2011.10.15"]
[EventType "team-tourn"]
[EventRounds "11"]
[EventCountry "SVK"]
[SourceTitle "EXT 2013"]
[Source "ChessBase"]
[SourceDate "2012.11.22"]
[SourceVersion "1"]
[SourceVersionDate "2012.11.22"]
[SourceQuality "1"]
[WhiteTeam "Sklene Patriots CC"]
[BlackTeam "Sabinov"]
[WhiteTeamCountry "SVK"]
[BlackTeamCountry "SVK"]

1. e4 c5 2. Nf3 Nc6 3. c4 e6 4. Nc3 Nf6 5. d3 d5 6. Bg5 d4 7. Ne2 h6 8. Bd2 Qc7 9. g3 e5 10. Bg2 Bg4 11. a3 Qd7 12. h3 Be6 13. g4 Nh7 14. Ng3 g6 15. Rb1 f6 16. b4 Ng5 17. b5 Ne7 18. a4 Nxf3+ 19. Bxf3 h5 20. gxh5 Bxh3 21. Qc1 0-0-0 22. Qd1 Be6 23. hxg6 Rxh1+ 24. Bxh1 Nxg6 25. Qf3 Be7 26. Qh5 Rg8 27. Rc1 Bd8 28. Nf5 Nf4 29. Bxf4 exf4 30. Kd2 Qc7 31. Qf3 Kb8 32. Ke2 Qh7 33. Bg2 Qh2 34. Bh3 Rg1 35. Rxg1 Qxg1 36. Qxf4+ Bc7 37. Qh6 Qg8 38. Qxf6 a6 39. Nh6 1-0